LIBRARY & INFORMATION CENTRE, KCAET, TAVANUR

ONLINE PUBLIC ACCESS CATALOGUE (OPAC)

Nyaya panchayats:road to justice (Record no. 10962)

MARC details
000 -LEADER
fixed length control field 00915cam a2200169ua 4500
041 ## - LANGUAGE CODE
Language code of text/sound track or separate title eng
082 ## - DEWEY DECIMAL CLASSIFICATION NUMBER
Classification number 352.00722
Item number MIN/NY
245 ## - TITLE STATEMENT
Title Nyaya panchayats:road to justice
260 ## - PUBLICATION, DISTRIBUTION, ETC. (IMPRINT)
Place of publication :
Name of publisher Ministry of community development and co-operation ,
Year of publication 1964.
300 ## - PHYSICAL DESCRIPTION
Number of Pages 90 ; .
942 ## - ADDED ENTRY ELEMENTS (KOHA)
Koha item type Books
Holdings
Withdrawn status Lost status Damaged status Home library Current library Date acquired Full call number Accession Number Koha item type
Withdrawn     KAUAET KAUAET 07/04/2012 352.00722 5844 Books
free website counter